[Event "GER-ch Net Amateur Gr-B Vor1"]
[Site "Playchess.com INT"]
[Date "2020.04.14"]
[Round "1"]
[White "Bloem, Hans Ulrich"]
[Black "Braeutigam, Alexander"]
[Result "0-1"]
[WhiteElo "1501"]
[BlackElo "1623"]
[PlyCount "62"]
[EventDate "2020.04.14"]
[EventType "swiss (blitz)"]
[EventRounds "9"]
[EventCountry "GER"]
[SourceTitle "EXT 2021"]
[Source "ChessBase"]
[SourceDate "2020.10.23"]
[SourceVersion "1"]
[SourceVersionDate "2020.10.23"]
[SourceQuality "1"]

1. e4 c5 2. Nf3 d6 3. d4 cxd4 4. Nxd4 Nf6 5. Nc3 a6 6. Be3 e5 7. Nb3 Be6 8. Be2 Be7 9. 0-0 0-0 10. h3 h6 11. Nd2 Nbd7 12. Nf3 Rc8 13. Qd2 b5 14. a3 Nc5 15. Nh4 Ncxe4 16. Nxe4 Nxe4 17. Qd3 Nc5 18. Qd1 Bxh4 19. b4 Ne4 20. Bf3 Nc3 21. Qd3 e4 22. Bxe4 Nxe4 23. Qxe4 Bf6 24. Qb7 Bc4 25. Rfd1 Bxa1 26. Rxa1 d5 27. Qxa6 Re8 28. Bb6 Qd6 29. Qb7 Rb8 30. Qc7 Rxb6 31. Rd1 Qxc7 0-1